Tinderbox; (Record no. 68703)

MARC details
000 -LEADER
fixed length control field 00748nam a22002057a 4500
005 - DATE AND TIME OF LATEST TRANSACTION
control field 20120726110842.0
010 ## - LCCN (DPL NO)
LC control number G-002073
020 ## - INTERNATIONAL STANDARD BOOK NUMBER
International Standard Book Number 9789350290392
Terms of availability 499.00
035 ## - SYSTEM CONTROL NUMBER
System control number G-002073
037 ## - SOURCE OF ACQUISITION
Stock number dpl
Source of stock number/acquisition Gift
082 ## - DEWEY DECIMAL CLASSIFICATION NUMBER
Classification number 954.91
100 ## - MAIN ENTRY--PERSONAL NAME
Personal name Akbar, M.K.
245 ## - TITLE STATEMENT
Title Tinderbox;
Remainder of title The past and future of Pakistan/
Statement of responsibility, etc by M.J. Akbar
260 ## - PUBLICATION, DISTRIBUTION, ETC. (IMPRINT)
Place of publication, distribution, etc Noida
Name of publisher, distributor, etc HaperCollins Publishers
Date of publication, distribution, etc 2011
270 ## - ADDRESS
Address A-53, Sector 57
City Noida
Postal code 201301
300 ## - PHYSICAL DESCRIPTION
Extent 343 p.
Other physical details notes, index..
Dimensions 24 cm.
942 ## - ADDED ENTRY ELEMENTS (KOHA)
Source of classification or shelving scheme Dewey Decimal Classification
Item type English Books
Call number suffix AKB
Classification part 954.91
Holdings
Withdrawn status Lost status Not for loan Collection code Home library Current library Date acquired Source of acquisition Cost, normal purchase price Full call number Barcode Copy number Cost, replacement price Koha item type
      Non-fiction Vinoba Puri Vinoba Puri 26/07/2012 Gift 499.00 954.91 AKB G-002073 1 499.00 English Books

© Delhi Public Library
Hit Counter
free hit counter